• 首页
  • 本馆介绍
  • 公告通知
  • 最新文献
  • 馆藏检索
  • 电子资源
  • 读者导购
  • 参考咨询
  • 我的图书馆
  • 登录
  • 详细信息显示
  • 放入我的书架
  • 预约/预借图书
  • 作者相关作品
  • 分类相关作品
  • 丛书相关作品
  • 出版社相关作品

书目信息

  • 表格格式
  • 工作单格式
  • 卡片格式
题名:
无故事的叙述
    
 
作者: 刘进安 著
分册:  
出版信息: 武汉   湖北美术出版社  1999
页数: 71页
开本: 29cm
丛书名: 画室探访
单 册:
中图分类: J203
科图分类:
主题词: 中国画
电子资源:
ISBN: 7-5394-0846-4
000 01024oam2 2200289 45
001 0199061732
005 20050225100136.0
010    @a7-5394-0846-4@dCNY33.80
100    @a19991019d1999 em y0chiy0121 ea
101 0  @achi
102    @aCN@b420000
105    @aa z 000yd
200 1  @a无故事的叙述@Awu gu shi de xu shu@e刘进安的艺术世界@ELiu Jin An De Yi Shu Shi Jie@f刘进安等著@FLiu Jin An Deng Zhu
210    @a武汉@c湖北美术出版社@d1999
215    @a71页@c图@d29cm
225 2  @a画室探访@f申少君主编
330    @a本书内容包括:序、无故事的叙述、走近绘画、家世、农村、天津来客、大学生活、红高梁、在南京的日子、画静物、性情所致、参加南北方画展活动及由此想到的等。
410  0 @12001 @a画室探访
410    @1700 0@a申少君@AShen Shao Jun@4主编
517    @a刘进安的艺术世界@ALiu Jin An De Yi Shu Shi Jie
600  0 @a刘进安@x中国画@x美术批评
600  0 @a刘进安@x生平事迹
606    @a中国画
690    @aJ203@v4
701  0 @a刘进安@4著
801  0 @aCN@bNLC@c19991027
905    @b343458-460@dJ203@e256@f3
    
    无故事的叙述:刘进安的艺术世界/刘进安等著.-武汉:湖北美术出版社,1999
    71页:图;29cm.-(画室探访/申少君主编)
    
    
    ISBN 7-5394-0846-4:CNY33.80
    本书内容包括:序、无故事的叙述、走近绘画、家世、农村、天津来客、大学生活、红高梁、在南京的日子、画静物、性情所致、参加南北方画展活动及由此想到的等。
●
相关链接 在E读中查询图书 在五车中查询图书 在当当中查询图书 在豆瓣中查询图书


正题名:无故事的叙述     索取号:J203/256         预约/预借

序号 登录号 条形码 馆藏地/架位号 状态 备注
1 0343458   203434587   第一样本阅览室/ [索取号:J203/256] 在馆    
2 0343459   203434596   第一借阅区/ [索取号:J203/256] 在馆    
3 0343460   203434603   第一借阅区/ [索取号:J203/256] 在馆    
唐山师范学院图书馆 欢迎您!
大连网信软件有限公司© 版权所有